| 000 | 01212nam0a2200313 4500 | ||
|---|---|---|---|
| 001 | RU\NLR\bibl\1675697 | ||
| 005 | 20260405121123.0 | ||
| 010 |
_a978-5-9950-0076-1 _91500 |
||
| 035 | _a(NLR Aleph) 001666935 | ||
| 090 |
_a1017004 _c1017004 |
||
| 100 | _a20100603d2010 |||y0rusy50 ca | ||
| 101 | 0 | _arus | |
| 102 | _aRU | ||
| 105 | _ay ||||||||| | ||
| 200 | 1 |
_aУтаенные страницы советской истории _fА.Ю. Бондаренко, Н.Н. Ефимов |
|
| 205 | _a[4-е изд.] | ||
| 210 |
_aМосква _cКучково Поле _d2010 |
||
| 215 |
_a350, [1] с. _d21 |
||
| 300 | _aНа авантит. и обл.: 65 лет Великой Победы | ||
| 607 |
_aСССР _xИстория _9912491 _3RU\NLR\auth\6613829 |
||
| 686 | _aТ3(2)7,02 | ||
| 700 | 1 |
_4070 _7ca _8rus _aБондаренко _bА. Ю. _f1955- _gАлександр Юльевич _9151191 _3RU\NLR\AUTH\770151229 |
|
| 701 | 1 |
_4070 _8rus _7ca _aЕфимов _bН. Н. _cд-р филос. наук _f1954- _gНиколай Николаевич _3RU\NLR\AUTH\7747194 _930129 |
|
| 801 | 0 |
_aRU _bNLR _c20100603 _gRCR |
|
| 801 | 1 |
_aRU _bNLR _c20100603 |
|
| 942 | _cBOOK | ||
| 980 | _aNB | ||